header

A primer in longitudinal data analysis (Record no. 55555)

MARC details
000 -LEADER
fixed length control field 01160nam a2200325Ia 4500
082 04 - DEWEY DECIMAL CLASSIFICATION NUMBER
Classification number 300.723
100 1# - MAIN ENTRY--AUTHOR NAME
Personal name Taris, Toon.
245 12 - TITLE STATEMENT
Title A primer in longitudinal data analysis
260 ## - PUBLICATION, DISTRIBUTION, ETC. (IMPRINT)
Place of publication London :
Name of publisher SAGE,
Year of publication 2000.
300 ## - PHYSICAL DESCRIPTION
Number of Pages ix, 163 p. :
Other physical details ill.
650 #0 - SUBJECT ADDED ENTRY--TOPICAL TERM
Topical Term Longitudinal method.
Topical Term Social sciences.
856 40 - ELECTRONIC LOCATION AND ACCESS
Uniform Resource Identifier http://site.ebrary.com/lib/rucke/Doc?id=10080939

No items available.

© 2026 Rongo University
Contact us: librarian | system librarian | Rongo university